Psychology. (Record no. 77512)
[ view plain ]
| 000 -LEADER | |
|---|---|
| fixed length control field | 00404nam a2200181Ia 4500 |
| 003 - CONTROL NUMBER IDENTIFIER | |
| control field | OSt |
| 005 - DATE AND TIME OF LATEST TRANSACTION | |
| control field | 20240122093231.0 |
| 008 - FIXED-LENGTH DATA ELEMENTS--GENERAL INFORMATION | |
| fixed length control field | 210210b1892 xxu||||| |||| 00| 0 eng d |
| 040 ## - CATALOGING SOURCE | |
| Transcribing agency | AL |
| 041 ## - LANGUAGE CODE | |
| Language code of text/sound track or separate title | English |
| 082 ## - DEWEY DECIMAL CLASSIFICATION NUMBER | |
| Classification number | 150/48 |
| 100 ## - MAIN ENTRY--PERSONAL NAME | |
| Personal name | JAMES, William. |
| 9 (RLIN) | 148577 |
| 245 ## - TITLE STATEMENT | |
| Title | Psychology. |
| 260 ## - PUBLICATION, DISTRIBUTION, ETC. | |
| Name of publisher, distributor, etc. | Not Mentioned |
| Date of publication, distribution, etc. | 1892 |
| 690 ## - LOCAL SUBJECT ADDED ENTRY--TOPICAL TERM (OCLC, RLIN) | |
| Topical term or geographic name as entry element | Psychology |
| 9 (RLIN) | 148578 |
| 906 ## - LOCAL DATA ELEMENT F, LDF (RLIN) | |
| a | 000996 |
| 942 ## - ADDED ENTRY ELEMENTS (KOHA) | |
| Source of classification or shelving scheme | Dewey Decimal Classification |
| Koha item type | Book |
| Withdrawn status | Lost status | Source of classification or shelving scheme | Damaged status | Not for loan | Collection code | Home library | Current library | Date acquired | Cost, normal purchase price | Total Checkouts | Full call number | Barcode | Date last seen | Price effective from | Koha item type |
|---|---|---|---|---|---|---|---|---|---|---|---|---|---|---|---|
| Dewey Decimal Classification | Rare Book | Psychology | St Aloysius Library | St Aloysius Library | 02/17/2021 | 0.00 | 150/47 | 000995 | 02/17/2021 | 02/17/2021 | Book | ||||
| Dewey Decimal Classification | Psychology | St Aloysius Library | St Aloysius Library | 02/17/2021 | 0.00 | 150/48 | 000996 | 02/17/2021 | 02/17/2021 | Book | |||||
| Dewey Decimal Classification | Psychology | St Aloysius Library | St Aloysius Library | 02/17/2021 | 0.00 | 150/49 | 000997 | 02/17/2021 | 02/17/2021 | Book | |||||
| Dewey Decimal Classification | Psychology | St Aloysius Library | St Aloysius Library | 04/23/2024 | 150/50 | 000998 | 04/23/2024 | 04/23/2024 | Book |